Vector mechanics for engineers (Record no. 16988)

000 -LEADER
fixed length control field 00549nam a22002057a 4500
001 - CONTROL NUMBER
control field 16988
003 - CONTROL NUMBER IDENTIFIER
control field BD-DhUET
008 - FIXED-LENGTH DATA ELEMENTS--GENERAL INFORMATION
fixed length control field 150322b xxu||||| |||| 00| 0 eng d
020 ## - INTERNATIONAL STANDARD BOOK NUMBER
International Standard Book Number 0070044384
040 ## - CATALOGING SOURCE
Original cataloging agency DLC
Transcribing agency DLC
Modifying agency BD-DhUET
082 ## - DEWEY DECIMAL CLASSIFICATION NUMBER
Classification number 531.01
Item number BEE/1984
100 ## - MAIN ENTRY--PERSONAL NAME
Personal name Beer, Ferdinand P.
245 ## - TITLE STATEMENT
Title Vector mechanics for engineers
Remainder of title Statics and dynamics
250 ## - EDITION STATEMENT
Edition statement 4th ed.
260 ## - PUBLICATION, DISTRIBUTION, ETC. (IMPRINT)
Place of publication, distribution, etc. New York
Name of publisher, distributor, etc. McGraw - Hill
Date of publication, distribution, etc. 1984
300 ## - PHYSICAL DESCRIPTION
Extent xxi, 926p.
650 #0 - SUBJECT ADDED ENTRY--TOPICAL TERM
Topical term or geographic name as entry element Statistics - Vector mechanics
700 ## - ADDED ENTRY--PERSONAL NAME
Personal name Johnston, E. Russell
942 ## - ADDED ENTRY ELEMENTS (KOHA)
Koha item type General Book
Holdings
Sublocation or collection (holding branch) Shelving location Location (home branch) Koha date last borrowed Copy number Price effective from Koha date last seen Koha item type Damaged status Not for loan Koha issues (times borrowed) Piece designation (barcode) Source of classification or shelving scheme Koha normalized classification for sorting Koha full call number Date acquired Lost status Withdrawn status
Central Library, BUETCirculation sectionCentral Library, BUET2023-06-0612015-03-222023-07-09General Book  166188 531_010000000000000_BEE_1984531.01/BEE/19842015-03-22  
Central Library, BUETReading sectionCentral Library, BUET 22015-06-292015-06-29Reading Item   66094 531_010000000000000_BEE_1984531.01/BEE/19842015-06-29